Coping strategies in dairy cows

Gespeichert in:
Bibliographische Detailangaben
1. Verfasser: Hopster, Hans
Format: Buch
Sprache:Undetermined
Veröffentlicht: Lelystad 1998
Schlagworte:
Tags: Tag hinzufügen
Keine Tags, Fügen Sie den ersten Tag hinzu!
Thư viện lưu trữ: Trung tâm Học liệu Trường Đại học Cần Thơ
LEADER 00433nam a2200169Ia 4500
001 CTU_126174
008 210402s9999 xx 000 0 und d
082 |a 636.2 
082 |b H791 
100 |a Hopster, Hans 
245 0 |a Coping strategies in dairy cows 
245 0 |c Hans Hopster 
260 |a Lelystad 
260 |c 1998 
650 |a Dairy cows 
904 |i Nguyên 
980 |a Trung tâm Học liệu Trường Đại học Cần Thơ